[Event "34th Chess Olympiad (men)"]
[Site "Istanbul"]
[Date "2000.11.09"]
[Round "12.62.3"]
[White "Kast, Harry"]
[Black "Kimende, Ralph"]
[WhiteElo "2000"]
[BlackElo "2202"]
[WhiteCountry "BER"]
[BlackCountry "SEY"]
[Result "0-1"]

1. e4 c5 2. Nf3 d6 3. d4 cxd4 4. Nxd4 Nf6 5. Nc3 a6 6. Be3 Ng4 7. Qd2 Nxe3 
8. Qxe3 g6 9. Be2 Bg7 10. O-O O-O 11. Rad1 Nc6 12. Nxc6 bxc6 13. Bc4 Rb8 
14. b3 Qa5 15. Na4 c5 16. Kh1 Bd7 17. Qe2 Bxa4 18. bxa4 Qxa4 19. Bb3 Qc6 
20. f4 Rb4 21. Bd5 Qc8 22. f5 Rd4 23. Rb1 e6 24. Bb7 Qd8 25. fxe6 fxe6 
26. Bxa6 Qh4 27. Rxf8+ Bxf8 28. Rf1 Qxe4 29. Qb5 Rd2 30. Rg1 Rxc2 31. Qe8 Rxa2 
0-1

[Event "34th Chess Olympiad (men)"]
[Site "Istanbul"]
[Date "2000.11.09"]
[Round "12.62.4"]
[White "Payet, Amelie"]
[Black "Miller, Bobby"]
[WhiteElo "2010"]
[BlackElo "2000"]
[WhiteCountry "SEY"]
[BlackCountry "BER"]
[Result "1-0"]

1. e4 c5 2. c3 e5 3. Nf3 Nc6 4. d4 cxd4 5. cxd4 Bb4+ 6. Nc3 exd4 7. Nxd4 Bxc3+ 
8. bxc3 Nge7 9. Bb2 O-O 10. Bc4 Ne5 11. Bb3 a6 12. O-O b5 13. f4 N5g6 
14. Qh5 Qc7 15. f5 Ne5 16. Qg5 d6 17. Rf4 Kh8 18. Rh4 f6 19. Rxh7+ 
1-0

[Event "34th Chess Olympiad (men)"]
[Site "Istanbul"]
[Date "2000.11.09"]
[Round "12.63.1"]
[White "Krylov, Sergey"]
[Black "Mitkov, Nikola"]
[WhiteElo "2344"]
[BlackElo "2532"]
[WhiteCountry "IBSA"]
[BlackCountry "FRM"]
[Result "0-1"]

1. e4 e5 2.  Nc6 3. Nf3 Nf6 4. d3 Bc5 5. c3 Qe7 6. Nbd2 a6 7. Ba4 O-O 
8. Bb3 Ba7 9. Nc4 h6 10. Ne3 d6 11. h3 Kh8 12. g4 Nh7 13. Qe2 Qd8 14. Bd2 Bxe3 
15. Bxe3 Be6 16. O-O-O Bxb3 17. axb3 d5 18. h4 d4 19. cxd4 exd4 20. Bf4 Qf6 
21. Bg3 Qe6 22. Nd2 Nb4 23. Kb1 a5 24. Rc1 a4 25. Rc4 c5 26. bxa4 Rxa4 
27. Nb3 Rfa8 28. Qd1 Qa6 29. Rxb4 Rxb4 
0-1

[Event "34th Chess Olympiad (men)"]
[Site "Istanbul"]
[Date "2000.11.09"]
[Round "12.63.2"]
[White "Nedev, Trajce"]
[Black "Berlinsky, Vladimir"]
[WhiteElo "2487"]
[BlackElo "2352"]
[WhiteCountry "FRM"]
[BlackCountry "IBSA"]
[Result "1-0"]

1. e4 e6 2. d4 d5 3. Nd2 Nf6 4. e5 Nfd7 5. Ngf3 c5 6. c3 Nc6 7. Bd3 cxd4 
8. cxd4 Nb6 9. O-O a5 10. Re1 a4 11. Nf1 Be7 12. Ng3 h5 13. Ne2 Bd7 14. Nf4 Nb4 
15. Bb1 g5 16. Ng6 fxg6 17. Bxg6+ Kf8 18. Nxg5 Bxg5 19. Qf3+ Kg7 20. Qf7+ Kh6 
21. f4 Be7 22. Bb1 Be8 23. f5+ Bg5 24. Qxe6+ Kh7 25. f6+ Bg6 26. Qf7+ 
1-0

[Event "34th Chess Olympiad (men)"]
[Site "Istanbul"]
[Date "2000.11.09"]
[Round "12.63.4"]
[White "Bogdanovski, Vlatko"]
[Black "Wassin, Sergey"]
[WhiteElo "2435"]
[BlackElo "2305"]
[WhiteCountry "FRM"]
[BlackCountry "IBSA"]
[Result "1-0"]

1. d4 Nf6 2. Nf3 c5 3. d5 d6 4. Nc3 g6 5. e4 Bg4 6. Be2 Bxf3 7. Bxf3 Nbd7 
8. O-O Bg7 9. Bf4 O-O 10. Qd2 a6 11. a4 Rb8 12. a5 Qc7 13. Ra2 b5 14. axb6 Rxb6 
15. Rfa1 Rfb8 16. Nd1 Qc8 17. c3 Qb7 18. Qe2 Ra8 19. Ne3 Rb3 20. Nc4 Qb5 
21. Na5 Qxe2 22. Bxe2 Rb6 23. f3 Nb8 24. Nc4 Rb7 25. Bd1 Nfd7 26. Ba4 Raa7 
27. Na5 Rc7 28. ... ... 67. ... 
1-0